| Tag |
First Indicator |
Second Indicator |
Subfields |
| LEADER |
00000cam a2200000 a 4500 |
| 001 |
in00002136751 |
| 006 |
m e d # |
| 007 |
cr mn mmmmabba |
| 008 |
810817s1792 mau s l000 0 eng d |
| 005 |
20260331160931.0 |
| 035 |
|
|
|z w034851
|
| 035 |
|
|
|a MAAR8108174511B
|
| 035 |
|
|
|9 mwa91-26937
|
| 035 |
|
|
|a 333513
|
| 035 |
|
|
|a aas03034851
|
| 040 |
|
|
|a MWA
|c MWA
|e bdrb
|d UtOrBLW
|
| 110 |
1 |
|
|a Boston (Mass.)
|
| 245 |
1 |
0 |
|a At a meeting of the inhabitants of the town of Boston, on Thursday, the 19th day of January, 1792 :
|b it was voted, that ... Thursday next, be assigned for the inhabitants of the town to take into consideration and to determine upon the report of their committee on the police of the town, as amended ... and that ... the same shall be printed in the newspapers and hand-bills; and one hand-bill left with each family in the town.
|
| 264 |
|
1 |
|a [Boston] :
|b [publisher not identified],
|c [1792]
|
| 300 |
|
|
|a 1 sheet (1 unnumbered page) ;
|c 28 x 18 cm.
|
| 336 |
|
|
|a text
|b txt
|2 rdacontent
|
| 337 |
|
|
|a computer
|b c
|2 rdamedia
|
| 338 |
|
|
|a online resource
|b cr
|2 rdacarrier
|
| 500 |
|
|
|a Amended proposals for establishing a town council to provide for a "more efficient police," and "energetick government." Signed: William Cooper, town-clerk. Cf. Evans 24131.
|
| 500 |
|
|
|a Text in two columns; printed area measures 23.5 x 14.5 cm.
|
| 510 |
4 |
|
|a Bristol
|c B7937
|
| 510 |
4 |
|
|a Shipton & Mooney
|c 46392
|
| 510 |
4 |
|
|a Ford, W.C. Broadsides,
|c 2644
|
| 530 |
|
|
|a Microform version available in the Readex Early American Imprints series.
|
| 533 |
|
|
|a Electronic text and image data.
|b [Chester, Vt. :
|c Readex, a division of Newsbank, Inc.,
|d 2002-2004.
|e Includes files in TIFF, GIF and PDF formats with inclusion of keyword searchable text.
|f (Early American imprints. First series ; no. 46392).
|
| 500 |
|
|
|a Electronic resource.
|
| 650 |
|
0 |
|a Police
|z Massachusetts
|z Boston.
|
| 651 |
|
0 |
|a Boston (Mass.)
|x Politics and government
|y 1775-1865.
|
| 655 |
|
7 |
|a Broadsides.
|2 rbgenr
|
| 752 |
|
|
|a United States
|b Massachusetts
|d Boston.
|
| 830 |
|
0 |
|a Early American imprints.
|n Series I,
|p Evans (1639-1800) ;
|v no. 46392.
|
| 856 |
4 |
1 |
|u http://proxy.library.tamu.edu/login?url=https://opac.newsbank.com/select/evans/46392
|y Evans Digital Edition
|t 0
|
| 999 |
|
|
|a MARS
|
| 999 |
f |
f |
|s 57c88e20-83b8-378b-b9d6-0e1971f2ebaa
|i fa6918f4-d690-3d79-8931-2a9d4f2db9da
|t 0
|
| 952 |
f |
f |
|a Texas A&M University
|b College Station
|c Electronic Resources
|s www_evans
|d Available Online
|t 0
|h No information provided
|
| 998 |
f |
f |
|t 0
|l Available Online
|